000 00935cab a22002175a 4500
001 L146370
008 090113e20090110xxko f 000 0 eng d
035 _a(Sirsi) u146370
041 0 _aeng
100 1 _aHeighton, Mark
245 0 0 _aGet all geared up
260 _c2009
490 _aEstates Gazette
_v(0902) 10 January 2009
520 _aArticle looks at lease re-gearing arrangements whereby future rental values are fixed using either fixed or index-linked increases. These can help landlords to improve the capital values of their portfolios, while giving tenants some room to negotiate changes to terms etc. Discusses variance of terms, lease surrender and more general aspects of the process.
590 _aKA
650 2 4 _aLANDLORD AND TENANT (COVENANTS) ACT 1995
651 4 _aUnited Kingdom
_y
690 _aPROPERTY-COMMERCIAL PROPERTY-COMMERCIAL LANDLORD AND TENANT
700 1 _aRodgers, Marianne
942 _n0
999 _c81131
_d81131